| 000 | 00847nam a2200265Ia 4500 | ||
|---|---|---|---|
| 003 | OSt | ||
| 005 | 20220926010900.0 | ||
| 006 | a|||||r|||| 00| 0 | ||
| 007 | ta | ||
| 008 | 220923b |||||||| |||| 00| 0 eng d | ||
| 020 |
_c _ 36.50 |
||
| 037 |
_b481dt, 08/01/1986, SBD _cGeneral Book |
||
| 040 |
_aRTL _cRTL _beng |
||
| 041 |
_2eng _aeng |
||
| 082 | _aU28, L9;M6 | ||
| 100 |
_aTARBUCK (Edward J)and LUTGENS (Frederick K) _9313249 |
||
| 245 | 0 |
_aAtmosphere _b An introduction to meteorology |
|
| 250 | _aEd 3 | ||
| 260 |
_aNew Jersey _bPrentice Hall _c1986 |
||
| 300 |
_axvii, 492p _ccm. |
||
| 500 | _aAppendix: P 454-462; Glossary: P 463-484 | ||
| 650 |
_aMETEOROLOGY _9200073 |
||
| 942 |
_hU28, L9;M6 _cGB _2CC |
||
| 999 |
_c618628 _d618628 |
||